Score 0/57 Timer 05:00
9 Plays Today
Country % Correct
Australia
88.2%
Madagascar
85.9%
New Zealand
85.5%
Ireland
84.5%
Japan
83.9%
Iceland
83%
Canada
82.9%
United Kingdom
82.5%
Cuba
81.4%
Portugal
78.7%
Haiti
77.7%
Vatican City
76.8%
Malta
76.5%
Dominica
76.2%
Cyprus
75.9%
Jamaica
75.4%
South Korea
74.7%
Lesotho
74.5%
Fiji
72.4%
San Marino
72%
Dominican Republic
72%
Bahamas
70.4%
Seychelles
69.8%
Denmark
68.6%
Sri Lanka
67.7%
St. Kitts and Nevis
65.7%
Barbados
65.4%
Papua New Guinea
64.9%
Monaco
64.8%
Country % Correct
Philippines
64.8%
Singapore
64.3%
Trinidad and Tobago
63.1%
St. Lucia
62.2%
Taiwan
61.9%
Cabo Verde
61.6%
Samoa
61.1%
Mauritius
60.6%
St. Vincent and the Grenadines
59.7%
Marshall Islands
59.1%
Antigua and Barbuda
58.8%
Tonga
58.8%
Maldives
58.7%
Vanuatu
58.5%
Comoros
58.4%
Tuvalu
58%
Nauru
57.1%
Micronesia
56.6%
Palau
56.6%
Solomon Islands
56.5%
São Tomé and Príncipe
56.2%
Brunei
54.3%
Grenada
54.2%
Kiribati
53.7%
Timor-Leste
51.4%
Qatar
46.5%
Bahrain
46%
The Gambia
44.8%
Come Together.
Have Fun.
All Virtual.
We all need to come together. Play Sporcle's virtual live trivia to have fun, connect with people, and get your trivia on. Join a live hosted trivia game for your favorite pub trivia experience done virtually. If a virtual private party is more your thing, go here for details.

You're not logged in!

Compare scores with friends on all Sporcle quizzes.
OR
Log In

Sporcle TV

Today on Sporcle TV


Watch our educational content, quiz creation guides, and fun videos on Sporcle TV.

Show Comments

Extras

Top Quizzes Today


Score Distribution

Paid Content

Your Account Isn't Verified!

In order to create a playlist on Sporcle, you need to verify the email address you used during registration. Go to your Sporcle Settings to finish the process.

Report this User

Report this user for behavior that violates our Community Guidelines.

Details: